000 00321nam a22001337a 4500
008 170525b xxu||||| |||| 00| 0 eng d
020 _a3540157352
041 _ager
080 _a621.3
100 _a26
101 _aIM
245 _aSIMULATION ELEKTRISCHER SCHALTUNGEN AUF DEM RECHNER
_cHORNEBER,E.H
942 _2udc
_cBK
999 _c14240
_d14240